Comparative marketing: Wholesaling in fifteen countries (Record no. 203063)

MARC details
000 -LEADER
fixed length control field 00389nam a2200145Ia 4500
008 - FIXED-LENGTH DATA ELEMENTS--GENERAL INFORMATION
fixed length control field 230917s9999||||xx |||||||||||||| ||und||
040 ## - CATALOGING SOURCE
-- 75345
Original cataloging agency VIVEKANANDA LIBRARY
041 ## - Language
-- English
082 ## - DDC NUMBER
Classification number 658.8 B281C
100 ## - MAIN ENTRY--PERSONAL NAME
Personal name Bartels, Robert
245 #0 - TITLE STATEMENT
Title Comparative marketing: Wholesaling in fifteen countries
260 ## - PUBLICATION, DISTRIBUTION, ETC. (IMPRINT)
Place of publication, distribution, etc Homewood
Name of publisher, distributor, etc Richard D Irwin
Date of publication, distribution, etc 1963
300 ## - PHYSICAL DESCRIPTION
Pages xii, 317 p.
942 ## - ADDED ENTRY ELEMENTS (KOHA)
Koha item type Books
Holdings
Withdrawn status Lost status Damaged status Not for loan Location (home branch) Sublocation or collection (holding branch) Shelving location Date acquired Koha issues (times borrowed) Koha full call number Accession No. Koha date last seen Koha item type
        VIVEKANANDA LIBRARY VIVEKANANDA LIBRARY IMSAR Library 24/02/2003   658.8 B281C 63091 17/09/2023 Books
© Designed and Maintained by Vivekananda Library, MDU Rohtak